Tropical Rainforest Countries - Statistics

General Stats
  • This quiz has been taken 81,906 times
    71,125 since last reset
  • The average score is 7 of 10
Answer Stats
km² Country % Correct
1,000,000 Brazil
100%
500,000 Colombia
88%
1,500,000 Indonesia
84%
500,000 Peru
84%
100,000 Venezuela
82%
500,000 D.R. Congo
78%
300,000 Malaysia
69%
350,000 Papua New Guinea
52%
150,000 Philippines
49%
120,000 Guyana
45%
No matching quizzes found
Score Distribution
Percent of People with Each Score
Percentile by Number Answered
Your Score History
You have not taken this quiz since the last reset